| 000 | 00760nam a2200217Ii 4500 | ||
|---|---|---|---|
| 003 | JO-AjNU | ||
| 008 | 230605s9999||||xx |||||||||||||| ||und|| | ||
| 017 | _a2006/8/2347 | ||
| 040 |
_aJO-AjNU _bara _erda _cJO-AjNU |
||
| 041 | _aara | ||
| 050 | 1 | 4 | _aLB1139.L3.N56.2006 |
| 100 | 3 |
_aنقرش،أحمد عبد القادر, _eauthor _922122 |
|
| 245 | 0 | 0 | _aاللغة والطفل |
| 250 | _aط1 | ||
| 264 | 3 | 1 | _aعمان:المؤلف،2007 |
| 300 | _a155ص | ||
| 336 |
_atext _btxt _2rdacontent |
||
| 337 |
_aunmediated _bn _2rdamedia |
||
| 338 |
_avolume _bnc _2rdacarrier |
||
| 650 | 4 |
_aالأطفال-لغة. الأطفال-علم نفس . اللغة عند الأطفال . علم النفس اللغوي . الأطفال-جوانب نفسية. _922123 |
|
| 999 |
_aA7802 _c11370 _d11370 |
||